000 00524nam a2200169Ia 4500
999 _c22822
_d22822
003 OSt
005 20200515090747.0
008 190216s9999||||xx |||||||||||||| ||und||
040 _coclc
082 _a297
_bNOU/S
100 _aNoufal, K Ali
_92287
245 0 _aSocio-Economic Concept Of Islam /
_cK Ali Noufal ; M K Sabique
260 _bAl Huda Book Stall,
_c2011.
_aCalicut:
300 _a144p
650 0 _aHistory & geography
_vIslamic History
_92271
942 _cBK
_2ddc
_h297
_iNOU/S
_k297
_mNOU/S